| 000 | 00698nam a22002297a 4500 | ||
|---|---|---|---|
| 005 | 20240806160047.0 | ||
| 010 | _aENG-138946 ENG-141251 | ||
| 020 |
_c3495.00(set of 2) _a9789386515704 |
||
| 035 | _aEN-122478 | ||
| 035 | _aEN-124783 | ||
| 037 | _bDBAD | ||
| 082 | _a343.54 | ||
| 100 |
_aRatanlal _969619 |
||
| 245 |
_aThe Indian Penal Code/ _bBy Ratan Lal and Dheerajl al |
||
| 250 | _a34 | ||
| 260 |
_aGurgaon _bLexis Nexis _c2018 |
||
| 270 |
_bGurgaon _a14th floor, BUILDING No 10, Tower-B DLF Cyber City, Phase-II , Gurgaon _e122002 |
||
| 300 |
_a3046 p. _c25cm(pbk) |
||
| 300 |
_a1499p.,111p. _c25cm(pbk) |
||
| 490 | _vVol 1, Vol 2 | ||
| 942 |
_2ddc _cEN _h343.54 _mRAT |
||
| 999 |
_c200260 _d200260 |
||